书目信息 |
| 题名: |
英语阅读理解高分指导
|
|
| 作者: | 王绍梅 主编 | |
| 分册: | ||
| 出版信息: | 上海 上海交通大学出版社 2003.03 |
|
| 页数: | 213页 | |
| 开本: | 21cm | |
| 丛书名: | 交大博通考研系列 | |
| 单 册: | ||
| 中图分类: | H319.4 | |
| 科图分类: | ||
| 主题词: | 英语--阅读教学--研究生教育--入学考试--自学参考资料 | |
| 电子资源: | ||
| ISBN: | 7-313-03327-3 | |
| 000 | 00783nam 2200241 450 | |
| 001 | 0141772068 | |
| 005 | 20050820103708.62 | |
| 010 | @a7-313-03327-3@d12.00CNY | |
| 100 | @a20041201d2003 km y0chiy0120 ea | |
| 101 | 0 | @achi@aeng |
| 102 | @aCN@b310000 | |
| 105 | @ay z 000yy | |
| 200 | 1 | @a英语阅读理解高分指导@Aying yu yue du li jie gao fen zhi dao@f王绍梅主编@Fwang shao mei zhu bian |
| 210 | @a上海@c上海交通大学出版社@d2003.03 | |
| 215 | @a213页@d21cm | |
| 225 | 2 | @a交大博通考研系列@i考研圣手复习宝典 |
| 410 | 0 | @12001 @a交大博通考研系列 |
| 410 | 0 | @12001 @a考研圣手复习宝典 |
| 606 | 0 | @a英语@x阅读教学@x研究生教育@x入学考试@x自学参考资料 |
| 690 | @aH319.4@v4 | |
| 701 | 0 | @a王绍梅@Awang shao mei@4主编 |
| 801 | 0 | @aCN@bQSSK@c20050820 |
| 905 | @a10447@dH319.4@eW334 | |
| 英语阅读理解高分指导/王绍梅主编.-上海:上海交通大学出版社,2003.03 |
| 213页;21cm.-(交大博通考研系列.考研圣手复习宝典) |
| ISBN 7-313-03327-3:12.00CNY |
| ● |
| 相关链接 |
|
|
|
正题名:英语阅读理解高分指导
索取号:H319.4/W334
 
预约/预借
| 序号 | 登录号 | 条形码 | 馆藏地/架位号 | 状态 | 备注 |
| 1 | 562407 | 205624074 | 语言库209/209语言库 49排2列3层/ [索取号:H319.4/W334] | 在馆 | |
| 2 | 562408 | 205624083 | 语言库209/209语言库 49排2列3层/ [索取号:H319.4/W334] | 在馆 | |
| 3 | 562409 | 205624092 | 语言库209/209语言库 49排2列3层/ [索取号:H319.4/W334] | 在馆 |